00273nam a2200121Ia 45000030006000000080041000060400015000471000014000622450037000762600009001135460012001220050017001340STCL150530s9999 xx 000 0 und d aSTCLcSTCL aPeek, G.A aPolitical writings of John Adams c1954 aEnglish20220125165436.0